000 00300nam a2200121Ia 4500
005 20251222154431.0
008 251222s9999||||xx |||||||||||||| ||spa||
020 _a978-612-304-059-8
082 _a624.902.685/M61R
245 0 _aReglamento nacional de edificaciones
250 _a4a.ed.
942 _cLIB
999 _c36435
_d36435